Les 15 plus importantes marines du monde - Statistiques

Statistiques générales
  • Ce quiz a été pris 258 fois
  • Le résultat moyen est 11 sur 15
Statistiques - réponses
Effectif
2022
Pays
Navires
2022
% Correct
1 346 500 Etats-Unis 1139
99%
2 260 000 Chine 1572
98%
3 150 000 Russie 824
96%
7 69 050 Inde 428
91%
4 85 000 Brésil 122
90%
13 45 350 Japon 533
90%
5 70 000 Corée-du-Sud 286
81%
9 60 000 Corée-du-Nord 753
74%
11 50 500 Mexique 160
73%
8 65 000 Indonésie 328
68%
14 45 000 Turquie 267
63%
6 68 850 Thaïlande 226
53%
15 40 000 Taïwan 313
43%
10 56 400 Colombie 103
36%
12 50 000 Sri Lanka 159
12%
Aucun quiz correspondant
Distribution des résultats
% des personnes avec chaque résultat
Percentile par nombre de réponses
Votre historique - résultats
Vous n’avez pas pris ce quiz